Object oriented systems development (Record no. 175325)
[ view plain ]
| 000 -LEADER | |
|---|---|
| fixed length control field | 00417nam a2200157Ia 4500 |
| 005 - DATE AND TIME OF LATEST TRANSACTION | |
| control field | 20241218172158.0 |
| 008 - FIXED-LENGTH DATA ELEMENTS--GENERAL INFORMATION | |
| fixed length control field | 231217s9999 xx 000 0 und d |
| 020 ## - INTERNATIONAL STANDARD BOOK NUMBER | |
| International Standard Book Number | 9780071160902 |
| 082 ## - DEWEY DECIMAL CLASSIFICATION NUMBER | |
| Classification number | 001.64 BAH;27 |
| 100 ## - MAIN ENTRY--PERSONAL NAME | |
| Personal name | Bahrami, Ali |
| 245 #0 - TITLE STATEMENT | |
| Title | Object oriented systems development |
| 260 ## - PUBLICATION, DISTRIBUTION, ETC. (IMPRINT) | |
| Date of publication, distribution, etc. | 1999 |
| Name of publisher, distributor, etc. | McGraw-Hill |
| Place of publication, distribution, etc. | Boston |
| 300 ## - PHYSICAL DESCRIPTION | |
| Extent | xx+411 |
| 650 ## - SUBJECT ADDED ENTRY--TOPICAL TERM | |
| Topical term or geographic name as entry element | Object,oriented,systems,development |
| 942 ## - ADDED ENTRY ELEMENTS (KOHA) | |
| Koha item type | Books |
| Date last seen | Total Checkouts | Full call number | Accession number | Old discount | Cost, replacement price | Price effective from | Category | Lost status | Damaged status | Department | Withdrawn status | bill no. | bill date | Permanent Location | Current Location | Shelving location | Entry date | Vendor | Cost, normal purchase price | Grants | Currency symbol | Conversion rate | Discount | Discount type | Public note |
|---|---|---|---|---|---|---|---|---|---|---|---|---|---|---|---|---|---|---|---|---|---|---|---|---|---|
| 26/01/2024 | 001.64 BAH;27 | 35701 | 20 | 219.44 | 05/06/2005 | Books | Central Library | 18 | 08/07/2008 | Central Library | Central Library | Central Library | 06/05/2005 | Allied publ. | 5.95 | MCA | USD | 46.1 | 1.19 | Rupees | |||||
| 26/01/2024 | 001.64 BAH;28 | 35702 | 20 | 219.44 | 05/06/2005 | Books | Central Library | 18 | 08/07/2008 | Central Library | Central Library | Central Library | 06/05/2005 | Allied publ. | 5.95 | MCA | USD | 46.1 | 1.19 | Rupees | |||||
| 26/01/2024 | 001.64 BAH;29 | 37376 | 20 | 217.53 | 26/01/2024 | Books | Central Library | 26063 | 24/05/2006 | Central Library | Central Library | Central Library | 03/08/2005 | Book Paradise | 5.95 | IS | USD | 45.7 | 1.19 | Rupees | |||||
| 26/01/2024 | 001.64 BAH;30 | 37377 | 20 | 217.53 | 26/01/2024 | Books | Central Library | 26063 | 24/05/2006 | Central Library | Central Library | Central Library | 03/08/2005 | Book Paradise | 5.95 | IS | USD | 45.7 | 1.19 | Rupees | |||||
| 26/01/2024 | 001.64 BAH;31 | 37378 | 20 | 217.53 | 26/01/2024 | Books | Central Library | 26063 | 24/05/2006 | Central Library | Central Library | Central Library | 03/08/2005 | Book Paradise | 5.95 | IS | USD | 45.7 | 1.19 | Rupees | |||||
| 26/01/2024 | 001.64 BAH;32 | 37379 | 20 | 217.53 | 26/01/2024 | Books | Central Library | 26063 | 24/05/2006 | Central Library | Central Library | Central Library | 03/08/2005 | Book Paradise | 5.95 | IS | USD | 45.7 | 1.19 | Rupees | repl/mca/12055 | ||||
| 26/01/2024 | 001.64 BAH;33 | 37380 | 20 | 217.53 | 26/01/2024 | Books | Central Library | 26063 | 24/05/2006 | Central Library | Central Library | Central Library | 03/08/2005 | Book Paradise | 5.95 | IS | USD | 45.7 | 1.19 | Rupees | |||||
| 26/01/2024 | 001.64 BAH;34 | 37381 | 20 | 217.53 | 26/01/2024 | Books | Central Library | 26063 | 28/05/2006 | Central Library | Central Library | Central Library | 03/08/2005 | Book Paradise | 5.95 | IS | USD | 45.7 | 1.19 | Rupees | |||||
| 26/01/2024 | 001.64 BAH;35 | 37382 | 20 | 217.53 | 26/01/2024 | Books | Central Library | 26063 | 28/05/2006 | Central Library | Central Library | Central Library | 03/08/2005 | Book Paradise | 5.95 | IS | USD | 45.7 | 1.19 | Rupees | |||||
| 26/01/2024 | 001.64 BAH;36 | 37383 | 20 | 217.53 | 26/01/2024 | Books | Central Library | 26063 | 28/05/2006 | Central Library | Central Library | Central Library | 03/08/2005 | Book Paradise | 5.95 | IS | USD | 45.7 | 1.19 | Rupees | |||||
| 26/01/2024 | 001.64 BAH;37 | 37384 | 20 | 217.53 | 26/01/2024 | Books | Central Library | 26063 | 28/05/2006 | Central Library | Central Library | Central Library | 03/08/2005 | Book Paradise | 5.95 | IS | USD | 45.7 | 1.19 | Rupees | |||||
| 26/01/2024 | 001.64 BAH;38 | 37385 | 20 | 217.53 | 26/01/2024 | Books | Central Library | 26063 | 28/05/2006 | Central Library | Central Library | Central Library | 03/08/2005 | Book Paradise | 5.95 | IS | USD | 45.7 | 1.19 | Rupees | |||||
| 26/01/2024 | 001.64 BAH | 37973 | 26/01/2024 | Books | Information Science | 09/03/2012 | Central Library | Central Library | Information Science | 21/09/2005 | Publisher | IS | RS | 1 | Rupees | ||||||||||
| 26/01/2024 | 001.64 BAH | 37974 | 26/01/2024 | Books | Information Science | 09/03/2012 | Central Library | Central Library | Information Science | 21/09/2005 | Publisher | IS | RS | 1 | Rupees | ||||||||||
| 26/01/2024 | 001.64 BAH | 37975 | 26/01/2024 | Books | Information Science | 09/03/2012 | Central Library | Central Library | Central Library | 21/09/2005 | Publisher | IS | RS | 1 | Rupees | ||||||||||
| 26/01/2024 | 001.64 BAH | 40072 | 26/01/2024 | Books | MCA | 30/01/2006 | Central Library | Central Library | MCA | 09/01/2006 | Publisher | MCA | RS | 1 | Rupees | ||||||||||
| 26/01/2024 | 001.64 BAH;39 | 42895 | 26/01/2024 | Books | Information Science | 25/08/2008 | Central Library | Central Library | Information Science | 08/09/2006 | Publisher | IS | RS | 1 | Rupees | ||||||||||
| 26/01/2024 | 001.64 BAH;58 | 48764 | 18 | 223.33 | 26/01/2024 | Books | Central Library | 47601 | 18/03/2009 | Central Library | Central Library | SC-ST | 02/04/2008 | Sapna Book House | 6.50 | SC-ST | USD | 41.9 | 1.17 | Rupees | SC-ST (1343) |
